[Event "British Chess Championships 2023: Junior Blitz Open"]
[Site "The Venue, De Montfort University, 20 Western Boulevard, Leicester, LE2 7BU"]
[Date "2023.07.27"]
[Round "8"]
[Board "6"]
[White "Cancedda-Dupuis, Livio"]
[Black "Roul, Tushar"]
[Result "1-0"]
[WhiteElo "1862"]
[BlackElo "1660"]
[PlyCount "0"]
[EventDate "2023.07.27"]
[EventRounds "9"]
[EventCountry "ENG"]

1. e4 c6 2. d4 d5 3. exd5 cxd5 4. Bd3 Nc6 5. c3 Nf6 6. Nf3 Bg4 7. Bf4 e6 8. Nbd2
Bd6 9. Bxd6 Qxd6 10. O-O O-O 11. h3 Bxf3 12. Nxf3 e5 13. dxe5 Nxe5 14. Re1 Rfe8 15.
Nd4 Nxd3 16. Qxd3 a6 17. a3 Qd7 18. f3 g6 19. Kf2 Nh5 20. Qd2 Rxe1 21. Rxe1 Re8 22.
Rxe8+ Qxe8 23. Qg5 Qd7 24. Ne2 Ng7 25. Qe5 Ne6 26. g4 Qb5 27. b4 Qc6 28. h4 Qc7 29.
Qxc7 Nxc7 30. Ke3 b6 31. a4 f6 32. Kd4 Kf7 33. Nf4 Ne6+ 34. Kxd5 Nxf4+ 35. Kc6 Ke6
36. Kxb6 Nd5+ 37. Kxa6 Nxc3 38. a5 Kd6 39. b5 Nd5 40. b6 Kc6 41. Ka7 f5 42. b7 Nc7
43. b8=Q Nb5+ 44. Ka6 Nc7+ 45. Qxc7 Kxc7 46. Kb5 h6 47. gxf5  1-0

[Event "British Chess Championships 2023: Junior Blitz Open"]
[Site "The Venue, De Montfort University, 20 Western Boulevard, Leicester, LE2 7BU"]
[Date "2023.07.27"]
[Round "8"]
[Board "7"]
[White "Patel, Zain"]
[Black "Humphreys, Benjamin"]
[Result "1-0"]
[WhiteElo "1919"]
[BlackElo "1723"]
[PlyCount "0"]
[EventDate "2023.07.27"]
[EventRounds "9"]
[EventCountry "ENG"]

1. d4 Nf6 2. Nf3 c6 3. c4 d5 4. cxd5 cxd5 5. Nc3 Nc6 6. Bf4 Bf5 7. Qb3 Qd7 8. e3
a6 9. Ne5 Nxe5 10. dxe5 Ne4 11. Nxd5 e6 12. f3 exd5 13. fxe4 Bxe4 14. O-O-O Rc8+
15. Kd2 Qe7 16. Bd3 Qb4+ 17. Qxb4 Bxb4+ 18. Ke2 Bxd3+ 19. Rxd3 O-O 20. a3 Be7 21.
Rxd5 Rc2+ 22. Rd2 Rfc8 23. Rhd1 Rxd2+ 24. Rxd2 Rd8 25. Rxd8+ Bxd8 26. Kd3 Kf8 27.
Kc4 g5 28. Bg3 Ke7 29. Kd5 Kd7 30. Bf2 Bb6 31. Ke4 Ke6 32. g4 h6 33. Be1 Bc5 34.
Ba5 b6 35. b4 Bxe3 36. Kxe3 bxa5 37. Kd4 a4 38. Ke4 f6 39. exf6 Kxf6 40. Kd5 Ke7
41. Kc6 Ke6 42. Kb6 Kd6 43. Kxa6 Kc7 44. Ka5 Kb7 45. Kxa4 Kb6 46. Kb3 Kb5 47. a4+
Ka5 48. b5 Kb6 49. h3 Kb7 50. Kb4 Kc7 51. Kc5 h5 52. a5 hxg4 53. a6 Kc8 54. hxg4
Kb8 55. Kc6 Ka8 56. b6 Kb8 57. b7  1-0

[Event "British Chess Championships 2023: Junior Blitz Open"]
[Site "The Venue, De Montfort University, 20 Western Boulevard, Leicester, LE2 7BU"]
[Date "2023.07.27"]
[Round "8"]
[Board "8"]
[White "Burnton, Joshua"]
[Black "Mathur, Pranav"]
[Result "1-0"]
[WhiteElo "1733"]
[BlackElo "2026"]
[PlyCount "0"]
[EventDate "2023.07.27"]
[EventRounds "9"]
[EventCountry "ENG"]

1. e4 c5 2. Nc3 Nc6 3. Bb5 e6 4. Bxc6 bxc6 5. e5 g6 6. d3 Bg7 7. f4 Ne7 8. Nf3 a5
9. Ne4 Nf5 10. g4 Nh4 11. Nd6+ Kf8 12. Ng5 Qb6 13. Ngxf7 Rg8 14. Ng5 h6 15. Nf3 Nxf3+
16. Qxf3 Ke7 17. Nc4 Qb4+ 18. Bd2 Qb5 19. b3 a4 20. f5 gxf5 21. gxf5 exf5 22. Qxf5
Rf8 23. Qg6 Bh8 24. Bxh6 Rf7 25. Bg5+ Kf8 26. Nd6 Qb4+ 27. Bd2 Qh4+ 28. Kd1 Rg7 29.
Qe8#  1-0

[Event "British Chess Championships 2023: Junior Blitz Open"]
[Site "The Venue, De Montfort University, 20 Western Boulevard, Leicester, LE2 7BU"]
[Date "2023.07.27"]
[Round "8"]
[Board "9"]
[White "Verbytski, Oleg"]
[Black "Madhavan, Sanjith"]
[Result "1-0"]
[WhiteElo "1727"]
[BlackElo "1793"]
[PlyCount "0"]
[EventDate "2023.07.27"]
[EventRounds "9"]
[EventCountry "ENG"]

1. e4 c5 2. Nf3 Nc6 3. d4 cxd4 4. Nxd4 Nf6 5. Nc3 g6 6. Be3 Bg7 7. Bc4 O-O 8. f3
a6 9. Qd2 b5 10. Be2 Bb7 11. O-O-O d5 12. Nxc6 Bxc6 13. exd5 Bb7 14. d6 exd6 15.
Qxd6 Qa5 16. Bb6 Ne8 17. Qxf8+ Bxf8 18. Bxa5 Nf6 19. Rhe1 Nh5 20. Bc7 Rc8 21. Bg3
b4 22. Ne4 a5 23. Nd6 Rb8 24. Nxb7 Rxb7 25. Rd8 Kg7 26. Be5+ f6 27. Bd6 Bxd6 28.
Rxd6 Re7 29. g3 f5 30. Kd2 Nf6 31. Bb5 Rc7 32. b3 Kf7 33. Bc4+ Kg7 34. Ree6 Nh5 35.
Re8 Nf6 36. Red8 Re7 37. Ra8 g5 38. Raa6 Ne8 39. Rdc6 g4 40. fxg4 fxg4 41. Rxa5 Nf6
42. Rxf6 Kxf6 43. Rb5 Rd7+ 44. Kc1 Re7 45. Rxb4 Re1+ 46. Kb2 Rh1 47. Bd3 h5 48. Rf4+
Kg5 49. Rf5+ Kh6 50. Rf6+ Kg7 51. Rg6+ Kf7 52. Rg5 Rxh2 53. a4 Kf6 54. Rf5+ Ke6 55.
a5 h4 56. gxh4 g3 57. Rg5 g2 58. Be4 Rxh4 59. Bxg2 Rh8 60. a6 Rb8 61. a7 Rc8 62.
Bh3+ Kf6 63. Bxc8 Kxg5 64. a8=Q  1-0

[Event "British Chess Championships 2023: Junior Blitz Open"]
[Site "The Venue, De Montfort University, 20 Western Boulevard, Leicester, LE2 7BU"]
[Date "2023.07.27"]
[Round "8"]
[Board "10"]
[White "Sasikumar, Srivathsan"]
[Black "Kairat, Alexander"]
[Result "0-1"]
[WhiteElo "1787"]
[BlackElo "1486"]
[PlyCount "0"]
[EventDate "2023.07.27"]
[EventRounds "9"]
[EventCountry "ENG"]

1. e4 c5 2. a3 e5 3. Nf3 Nc6 4. Nc3 d6 5. Bc4 Be7 6. O-O Nf6 7. d3 O-O 8. Nd5 Be6
9. Nxf6+ Bxf6 10. Bxe6 fxe6 11. c4 Nd4 12. Be3 Rc8 13. Rc1 Be7 14. b4 Nxf3+ 15. gxf3
Bg5 16. bxc5 dxc5 17. Qd2 Bf4 18. Kh1 Qh4 19. Bxf4 Rxf4 20. Qe3 Rcf8 21. Qxc5 Rxf3
22. Qxe5 Rxf2 23. Rg1 Qf6 24. Qxf6 R8xf6 25. Rb1 b6 26. a4 Ra2 27. c5 Rff2 28. Rg4
Rxh2+ 29. Kg1 Rhc2 30. d4 Rxa4 31. cxb6 axb6 32. e5 Rd2 33. Kf1 Rdxd4 34. Rxd4 Rxd4
35. Rxb6 Kf7 36. Rb7+ Kg6 37. Rb6 Kf5 38. Rb7 Rg4 39. Rb5 g6 40. Kf2 Re4 41. Rb7
h5 42. Kf3 Rxe5 43. Rf7+ Kg5 44. Re7 h4 45. Rh7 Ra5 46. Re7 e5 47. Kg2 Kg4 48. Rd7
g5 49. Rc7 Ra4 50. Rc5 e4 51. Rc3 Ra2+ 52. Kh1 Kf4 53. Kg1 e3 54. Kf1 Kf3 55. Kg1
g4 56. Rc7 e2 57. Rc3+ Kf4 58. Kf2 h3 59. Rc4+ Kg5 60. Rc8 e1=Q+ 61. Kxe1 h2 62.
Rg8+ Kf4 63. Rf8+ Kg3 64. Rh8 Kg2 65. Kd1 h1=Q+ 66. Rxh1 Kxh1 67. Kc1 g3 68. Kd1
g2 69. Ke1 g1=Q#  0-1

[Event "British Chess Championships 2023: Junior Blitz Open"]
[Site "The Venue, De Montfort University, 20 Western Boulevard, Leicester, LE2 7BU"]
[Date "2023.07.27"]
[Round "8"]
[Board "11"]
[White "Zhu, Pengxiao"]
[Black "Nawalaniec, Adam"]
[Result "1-0"]
[WhiteElo "1759"]
[BlackElo "1614"]
[PlyCount "0"]
[EventDate "2023.07.27"]
[EventRounds "9"]
[EventCountry "ENG"]

1. d4 Nf6 2. c4 e6 3. Nc3 d5 4. cxd5 exd5 5. Bg5 Be7 6. e3 O-O 7. Bd3 h6 8. Bh4 b6
9. Nge2 Bb7 10. Qc2 Nbd7 11. O-O c5 12. f3 Rc8 13. Rac1 Qc7 14. Bg3 Qd8 15. Qd2 c4
16. Bb1 Re8 17. e4 dxe4 18. fxe4 b5 19. e5 Nd5 20. Nxd5 Bxd5 21. Nf4 Bg5 22. Qc2
Nf8 23. Rce1 Bxf4 24. Rxf4 Ng6 25. Rff1 a5 26. Qf2 Qe7 27. Bf5 Rcd8 28. Qc2 Nf8 29.
Rf4 Ne6 30. Rg4 h5 31. Rh4 g6 32. Bxg6 fxg6 33. Qxg6+ Qg7 34. Qxh5 Kf8 35. Rg4 Qf7
36. Rf1 Qxf1+ 37. Kxf1 Ke7 38. Bh4+ Kd7 39. Bxd8 Rxd8 40. Qh7+ Kc6 41. Ke2 b4 42.
Qa7 c3 43. bxc3 bxc3 44. Qxa5 Bc4+ 45. Ke3 Nc7 46. Rg6+ Kb7 47. Qb6+ Kc8 48. Rc6
 1-0

[Event "British Chess Championships 2023: Junior Blitz Open"]
[Site "The Venue, De Montfort University, 20 Western Boulevard, Leicester, LE2 7BU"]
[Date "2023.07.27"]
[Round "8"]
[Board "12"]
[White "Sharma, Josh"]
[Black "Sisupalan, Beni"]
[Result "1-0"]
[WhiteElo "1663"]
[BlackElo "1585"]
[PlyCount "0"]
[EventDate "2023.07.27"]
[EventRounds "9"]
[EventCountry "ENG"]

1. d4 Nf6 2. Nc3 g6 3. Bf4 Bg7 4. e3 d6 5. h4 h5 6. Nf3 O-O 7. Bd3 Nbd7 8. Qd2 c6
9. Rd1 Qe8 10. Bg3 e5 11. dxe5 dxe5 12. Ne4 Nxe4 13. Bxe4 Nc5 14. Qb4 Nxe4 15. Qxe4
Bf5 16. Qc4 Qe7 17. O-O Rad8 18. c3 Bf6 19. e4 Bg4 20. Rxd8 Rxd8 21. Qa4 a6 22. Rd1
Bxf3 23. Rxd8+ Qxd8 24. gxf3 Bxh4 25. Qb3 Bxg3 26. fxg3 Qd7 27. Qc2 Kg7 28. Kg2 Qd6
29. c4 Qc5 30. Qb3 b5 31. cxb5 Qxb5 32. Qc2 Qb6 33. b3 c5 34. Qc3 f6 35. Qd3 Qc6
36. Qd8 Kf7 37. Qh8 Qd6 38. Qh7+ Ke6 39. Qxg6 Qd2+ 40. Kh3 Qxa2 41. Qf5+ Ke7 42.
Qh7+ Kd6 43. Qf7 Qb1 44. Qxf6+ Kd7 45. Qf7+ Kd6 46. Qd5+ Kc7 47. Qxc5+ Kb7 48. Qd5+
Ka7 49. Qf7+ Kb6 50. Qe6+ Kb7 51. Qd5+ Kc8 52. Qc4+ Kd8 53. Kh4 Qh1+ 54. Kg5 Qxf3
55. Qd5+ Kc8 56. Qxe5 Qg4+ 57. Kf6 Qf3+ 58. Qf5+ Qxf5+ 59. exf5 Kd8 60. Kg7 Ke7 61.
f6+ Ke6 62. f7 Ke5 63. f8=Q Ke4 64. Qd6 h4 65. gxh4 a5 66. Qc5 a4 67. bxa4 Kd3 68.
Qb4 Kc2 69. Qa3 Kb1 70. Qc3 Ka2 71. Qb4 Ka1 72. a5 Ka2 73. a6 Ka1 74. a7 Ka2 75.
a8=R#  1-0

[Event "British Chess Championships 2023: Junior Blitz Open"]
[Site "The Venue, De Montfort University, 20 Western Boulevard, Leicester, LE2 7BU"]
[Date "2023.07.27"]
[Round "8"]
[Board "13"]
[White "Leung, Hao Ran"]
[Black "Sedykh, Stakhey"]
[Result "1-0"]
[WhiteElo "1432"]
[BlackElo "1832"]
[PlyCount "0"]
[EventDate "2023.07.27"]
[EventRounds "9"]
[EventCountry "ENG"]

1. Nf3 d5 2. g3 Nf6 3. Bg2 c5 4. O-O e6 5. d3 Bd6 6. Nbd2 O-O 7. e4 dxe4 8. dxe4
Nc6 9. c3 e5 10. Qc2 Be6 11. a4 a6 12. Ne1 b5 13. b3 Qb6 14. Bb2 b4 15. Nd3 bxc3
16. Bxc3 Rab8 17. Nc4 Bxc4 18. bxc4 Nd4 19. Bxd4 cxd4 20. c5 Bxc5 21. Qxc5 Qxc5 22.
Nxc5 Rb6 23. f4 exf4 24. gxf4 Rc8 25. Rac1 Rd8 26. a5 Rb5 27. e5 Ne8 28. Bc6 Rxa5
29. Nb7 Rad5 30. Bxd5 Rxd5 31. Rc8 Kf8 32. Nd6 g6 33. Nxe8 Kg7  1-0

[Event "British Chess Championships 2023: Junior Blitz Open"]
[Site "The Venue, De Montfort University, 20 Western Boulevard, Leicester, LE2 7BU"]
[Date "2023.07.27"]
[Round "8"]
[Board "14"]
[White "Marsden, Rupert"]
[Black "Gadiot, Ashton"]
[Result "1/2-1/2"]
[WhiteElo "1707"]
[BlackElo "1227"]
[PlyCount "0"]
[EventDate "2023.07.27"]
[EventRounds "9"]
[EventCountry "ENG"]

1. f4 Nf6 2. Nf3 d5 3. g3 c5 4. Bg2 Nc6 5. O-O g6 6. e3 Bg4 7. Qe1 Bg7 8. d3 e6 9.
e4 dxe4 10. dxe4 Bxf3 11. Bxf3 Nd4 12. Qf2 Nxf3+ 13. Qxf3 Qd4+ 14. Qe3 Qxe3+ 15.
Bxe3 Nxe4 16. c3 O-O 17. Na3 b6 18. Rfe1 Rfd8 19. Rad1 Nf6 20. Nb5 a6 21. Nc7 Rac8
22. Nxa6 Rxd1 23. Rxd1 Ra8 24. Nc7 Rxa2 25. Rd8+ Bf8 26. f5 Ra1+ 27. Kg2 Ng4 28.
Bg5 gxf5 29. Be7 Kg7 30. Bxf8+ Kg6 31. Bd6 Rb1 32. Rg8+ Kh6 33. Bf8+ Kh5 34. h3 Rxb2+
35. Kf1 Ne3+ 36. Ke1 Nd5 37. g4+ fxg4 38. hxg4+ Kh4 39. Nxd5 exd5 40. Be7+ Kg3 41.
Rg7 Rc2 42. Rxf7 Rxc3 43. Rxh7 Kxg4 44. Kd2 Rh3 45. Rg7+ Kf3 46. Rg6 Ke4 47. Rxb6
Rh2+ 48. Kc1 Kd3 49. Rb3+ Kc4 50. Rg3 d4 51. Rg5 Rh1+ 52. Kd2 Rh2+ 53. Kc1 Rh1+ 54.
Kd2 Rc1 55. Kxc1  1/2-1/2

[Event "British Chess Championships 2023: Junior Blitz Open"]
[Site "The Venue, De Montfort University, 20 Western Boulevard, Leicester, LE2 7BU"]
[Date "2023.07.27"]
[Round "8"]
[Board "15"]
[White "Yu, Rock"]
[Black "Ding, Yiwen"]
[Result "1-0"]
[WhiteElo "1637"]
[BlackElo "1664"]
[PlyCount "0"]
[EventDate "2023.07.27"]
[EventRounds "9"]
[EventCountry "ENG"]

1. Nc3 d5 2. d4 Nf6 3. Bf4 a6 4. e3 Bf5 5. f3 e6 6. g4 Bg6 7. h4 h6 8. Bd3 Bxd3 9.
Qxd3 Bb4 10. Nge2 c5 11. dxc5 Bxc5 12. O-O-O b5 13. e4 b4 14. Na4 Qa5 15. Nxc5 Qxc5
16. g5 hxg5 17. hxg5 Rxh1 18. Rxh1 Nfd7 19. Rh8+ Nf8 20. exd5 Qxd5 21. Qe3 Nbd7 22.
Rh1 Qc5 23. Qe4 Qd5 24. Qxb4 a5 25. Qa3 Rc8 26. Rd1 Qc6 27. Nd4 Qc4 28. Be3 e5 29.
c3 exd4 30. Rxd4 Qf1+ 31. Kc2 Qg2+ 32. Kb3 Qxf3 33. Bc1 Rb8+ 34. Kc2 Qe2+ 35. Kb1
Ne6 36. Rd2 Qe4+ 37. Ka1 Ndc5 38. b3 Qb7 39. Re2  1-0

[Event "British Chess Championships 2023: Junior Blitz Open"]
[Site "The Venue, De Montfort University, 20 Western Boulevard, Leicester, LE2 7BU"]
[Date "2023.07.27"]
[Round "8"]
[Board "16"]
[White "Vaidyanathan, Adithya"]
[Black "Schweitzer, Zubin"]
[Result "0-1"]
[WhiteElo "1810"]
[BlackElo "1495"]
[PlyCount "0"]
[EventDate "2023.07.27"]
[EventRounds "9"]
[EventCountry "ENG"]

1. Nf3 Nf6 2. d4 g6 3. c4 c5 4. e3 Bg7 5. Nc3 O-O 6. g3 d5 7. cxd5 Nxd5 8. Bg2 Nxc3
9. bxc3 Bg4 10. h3 Bxf3 11. Bxf3 Nc6 12. O-O e6 13. Qb3 Qb6 14. Ba3 Qxb3 15. axb3
Rfc8 16. Bxc5 b6 17. Ba3 Rab8 18. Bb2 a5 19. Kg2 h5 20. Rfc1 Bf8 21. c4 Nb4 22. Ba3
Kg7 23. Rd1 Kg8 24. Rac1 Na2 25. Bxf8 Nxc1 26. Bd6 Nxb3 27. Bxb8 Rxb8 28. Rb1 Nd2
29. Rb5 Nxc4 30. d5 Nd6 31. Rb2 e5 32. Rc2 Rc8 33. Rc6 Rxc6 34. dxc6 b5 35. c7 a4
36. Bd1 f5 37. f4 e4 38. Kf2 Kf7 39. Ke2 Ke7 40. Kd2 Kd7 41. Kc3 Kxc7 42. Kd4 Kc6
43. Ke5 Nc4+ 44. Kf6 Nxe3 45. Kxg6 Nxd1 46. Kxf5 e3 47. g4 hxg4 48. hxg4 e2 49. g5
e1=Q 50. Kf6 a3 51. g6 a2 52. Kf7 a1=R 53. g7 Ra8 54. g8=Q Rxg8 55. Kxg8 Qf2 56.
Kg7 Qxf4 57. Kg6 Kd6 58. Kg7 Qf5 59. Kh6 Qg4 60. Kh7 Qg5 61. Kh8 Ke7 62. Kh7 Kf7
63. Kh8 Qg7+  0-1

[Event "British Chess Championships 2023: Junior Blitz Open"]
[Site "The Venue, De Montfort University, 20 Western Boulevard, Leicester, LE2 7BU"]
[Date "2023.07.27"]
[Round "8"]
[Board "17"]
[White "Mittal, Aditya"]
[Black "Freeman, Luke"]
[Result "1-0"]
[WhiteElo "1737"]
[BlackElo "1639"]
[PlyCount "0"]
[EventDate "2023.07.27"]
[EventRounds "9"]
[EventCountry "ENG"]

1. b3 Nf6 2. Bb2 e6 3. f4 d5 4. e3 Be7 5. Nf3 O-O 6. Bd3 c5 7. O-O Nc6 8. Nc3 Bd7
9. Ne5 g6 10. Ne2 Nb4 11. Ng3 Nxd3 12. Nxd3 Bc6 13. Ne5 Nd7 14. Ng4 f5 15. Nh6#  1-0

[Event "British Chess Championships 2023: Junior Blitz Open"]
[Site "The Venue, De Montfort University, 20 Western Boulevard, Leicester, LE2 7BU"]
[Date "2023.07.27"]
[Round "8"]
[Board "18"]
[White "Bates, Hubert"]
[Black "Catabay, Mae C"]
[Result "0-1"]
[WhiteElo "1424"]
[BlackElo "1494"]
[PlyCount "0"]
[EventDate "2023.07.27"]
[EventRounds "9"]
[EventCountry "ENG"]

1. e4 c5 2. Nf3 Nc6 3. d4 cxd4 4. Nxd4 Nf6 5. Nc3 d6 6. Bb5 Bd7 7. Nxc6 Bxc6 8. Bd3
e5 9. O-O Be7 10. Bg5 O-O 11. Qe2 Qd7 12. Rad1 Rad8 13. Bc4 Qc8 14. Bxf6 Bxf6 15.
Nd5 Bxd5 16. Bxd5 Qc7 17. c3 Qe7 18. Rd3 Bg5 19. Rh3 h6 20. Qb5 Rb8 21. Rf3 Qc7 22.
Rd1 a6 23. Qe2 b5 24. Qd3 Rbd8 25. Qc2 Qc5 26. Rfd3 a5 27. Qe2 Kh8 28. Qh5 Rd7 29.
h4 g6 30. Qg4 f5 31. exf5 gxf5 32. Qh5 Bf6 33. Qxh6+ Rh7 34. Qg6 Rg7 35. Qh6+ Rh7
36. Qg6 Rg7 37. Qh5+ Rh7 38. Qe2 Qc7 39. Rh3 Qe7 40. Qxb5 Bxh4 41. g3 Bg5 42. Rxh7+
Qxh7 43. Qb7 Qh6 44. Qc6 f4 45. Qc7 fxg3 46. fxg3 Be3+ 47. Kg2 Rf2+ 48. Kg1 Qh2#
 0-1

[Event "British Chess Championships 2023: Junior Blitz Open"]
[Site "The Venue, De Montfort University, 20 Western Boulevard, Leicester, LE2 7BU"]
[Date "2023.07.27"]
[Round "8"]
[Board "19"]
[White "Li, Xiaofan"]
[Black "Xu, Jiarui"]
[Result "1-0"]
[WhiteElo "1673"]
[BlackElo "1400"]
[PlyCount "0"]
[EventDate "2023.07.27"]
[EventRounds "9"]
[EventCountry "ENG"]

1. e4 e5 2. Nf3 Nc6 3. Bc4 Bc5 4. c3 d6 5. h3 Nf6 6. d3 O-O 7. O-O a6 8. Bg5 h6 9.
Bh4 Be6 10. Bxe6 fxe6 11. d4 exd4 12. cxd4 Bb6 13. Nc3 e5 14. d5 Ne7 15. Na4 Ba7
16. Nc3 Ng6 17. Bg3 Qe7 18. Nh4 Nxh4 19. Bxh4 Qf7 20. Kh1 Qg6 21. Bg3 Nxe4 22. Nxe4
Qxe4 23. Rc1 Bb6 24. f3 Qg6 25. Bf2 Bxf2 26. Rxf2 Qf7 27. Rfc2 Rfc8 28. Qd3 Qd7 29.
Qb3 Rab8 30. a4 Kh8 31. a5 c6 32. dxc6 bxc6 33. Qd3 Rb5 34. b4 Qc7 35. Qe4 Qb7 36.
Rxc6 Rxc6 37. Qxc6 Rxb4 38. Qxd6 Rb5 39. Qf8+ Kh7 40. Qf5+ Kh8 41. Rc8+ Qxc8 42.
Qxc8+ Kh7 43. Qxa6 Rb1+ 44. Kh2 Ra1 45. Qd3+ Kg8 46. a6 g6 47. Qd8+ Kg7 48. Qd7+
Kf6 49. a7 Rxa7 50. Qxa7  1-0

[Event "British Chess Championships 2023: Junior Blitz Open"]
[Site "The Venue, De Montfort University, 20 Western Boulevard, Leicester, LE2 7BU"]
[Date "2023.07.27"]
[Round "8"]
[Board "20"]
[White "Buckland, Louis"]
[Black "Rastogi, Nayan Keats"]
[Result "1/2-1/2"]
[WhiteElo "1651"]
[BlackElo "1434"]
[PlyCount "0"]
[EventDate "2023.07.27"]
[EventRounds "9"]
[EventCountry "ENG"]

1. d4 Nf6 2. Bg5 d5 3. Bxf6 exf6 4. e3 Bd6 5. g3 O-O 6. Bg2 c6 7. Ne2 Nd7 8. O-O
f5 9. c4 dxc4 10. Nd2 Nf6 11. Nxc4 Bc7 12. Qc2 Re8 13. Nc3 g6 14. Rfd1 Be6 15. Nd2
Nd5 16. a3 Rc8 17. Nxd5 Bxd5 18. Bxd5 Qxd5 19. Qc4 Qxc4 20. Nxc4 b5 21. Nd2 Bb6 22.
b4 a5 23. Nb3 a4 24. Nc5 Bxc5 25. dxc5 Rcd8 26. Kg2 Kf8 27. Kf3 Ke7 28. h4 h6 29.
Ke2 Rxd1 30. Rxd1 Rd8 31. Rxd8 Kxd8 32. Kd3 Ke7 33. Kd4 Ke6 34. f3 f6 35. g4 h5 36.
gxh5 gxh5 37. f4 Ke7  1/2-1/2

[Event "British Chess Championships 2023: Junior Blitz Open"]
[Site "The Venue, De Montfort University, 20 Western Boulevard, Leicester, LE2 7BU"]
[Date "2023.07.27"]
[Round "8"]
[Board "21"]
[White "Whelan, Joseph"]
[Black "Pai, Aditya"]
[Result "1-0"]
[WhiteElo "1675"]
[BlackElo "1338"]
[PlyCount "0"]
[EventDate "2023.07.27"]
[EventRounds "9"]
[EventCountry "ENG"]

1. d4 d5 2. Bf4 Bf5 3. e3 Nf6 4. c4 e6 5. Nc3 c6 6. Nf3 Bb4 7. Ne5 Nbd7 8. Qb3 Bxc3+
9. bxc3 Rb8 10. Nxd7 Nxd7 11. Bxb8 Qxb8 12. f3 a6 13. c5 O-O 14. Rb1 Bxb1 15. Qxb1
Qc7 16. Qb4 Rb8 17. Bd3 a5 18. Qb1 b5 19. Bxh7+ Kf8 20. h4 f5 21. Kf2 Ke7 22. h5
b4 23. c4 Nf6 24. Bg6 a4 25. h6 Rg8 26. Qxb4 gxh6 27. Rxh6 Rg7 28. Qxa4 Qb7 29. Qb3
Qc7 30. a4 Qd7 31. a5 Qc7 32. a6 Nh5  1-0

[Event "British Chess Championships 2023: Junior Blitz Open"]
[Site "The Venue, De Montfort University, 20 Western Boulevard, Leicester, LE2 7BU"]
[Date "2023.07.27"]
[Round "8"]
[Board "22"]
[White "Parikh, Naavya"]
[Black "Hariharan, Shambavi"]
[Result "1/2-1/2"]
[WhiteElo "1374"]
[BlackElo "1528"]
[PlyCount "0"]
[EventDate "2023.07.27"]
[EventRounds "9"]
[EventCountry "ENG"]

1. e4 c6 2. d4 d5 3. exd5 cxd5 4. Bb5+ Nc6 5. Bxc6+ bxc6 6. Nf3 Nf6 7. O-O Bg4 8.
Be3 e6 9. Nbd2 Be7 10. c3 O-O 11. Qc2 Bf5 12. Qd1 Qc7 13. Nh4 Bg6 14. Nxg6 hxg6 15.
Qf3 c5 16. Rfe1 cxd4 17. Bxd4 a5 18. Rac1 Qb7 19. b3 a4 20. c4 axb3 21. axb3 Ra2
22. Bc3 Rb8 23. Ra1 Rxa1 24. Rxa1 dxc4 25. Qxb7 Rxb7 26. bxc4 Bc5 27. g3 Rb8 28.
Bxf6 gxf6 29. Ne4 Be7 30. Ra7 f5 31. Nd2 Bb4 32. Rd7 Rc8 33. Nf3 Rxc4 34. Ne5  1/2-1/2

[Event "British Chess Championships 2023: Junior Blitz Open"]
[Site "The Venue, De Montfort University, 20 Western Boulevard, Leicester, LE2 7BU"]
[Date "2023.07.27"]
[Round "8"]
[Board "23"]
[White "Vaidyanathan, Sathya"]
[Black "Calvert, George"]
[Result "1/2-1/2"]
[WhiteElo "1635"]
[BlackElo "1536"]
[PlyCount "0"]
[EventDate "2023.07.27"]
[EventRounds "9"]
[EventCountry "ENG"]

1. b4 e6 2. Bb2 Bxb4 3. Bxg7 f6 4. Bxh8 Ne7 5. Bxf6 d5 6. c3 Bd6 7. Nf3 Nd7 8. Bxe7
Qxe7 9. d4 Nf6 10. e3 c6 11. Nbd2 b6 12. h3 Bb7 13. Bd3 O-O-O 14. Qe2 e5 15. Ba6
e4 16. Bxb7+ Kxb7 17. Nh4 Qd7 18. g3 c5 19. Rb1 c4 20. Ng2 Rf8 21. Nf4 Bxf4 22. exf4
Re8 23. Qe3 Qc7 24. O-O Qd7 25. Kh2 Qf7 26. Rg1 Rg8 27. Qe2 Qg7 28. a4 a5 29. Rb5
Ka7 30. Rgb1 Rb8 31. Qf1 Qh6 32. Qe2 Qg7 33. f3 Nh5 34. g4 Nxf4 35. Qf1 Qc7 36. Kh1
e3 37. Rd1 e2 38. Qe1 exd1=Q 39. Qxd1 Nd3 40. Qe2 Nf4 41. Qh2 Re8 42. Rb1 Qe7 43.
Rg1 Qe3 44. Nf1 Qxc3 45. Qxf4 Re2 46. Ng3 Ra2 47. Qf7+ Ka6 48. Qxd5 Rxa4 49. Qd8
Ra1 50. Qc8+ Kb5 51. Qd7+ Ka6 52. Qc8+ Kb5 53. Qd7+  1/2-1/2

[Event "British Chess Championships 2023: Junior Blitz Open"]
[Site "The Venue, De Montfort University, 20 Western Boulevard, Leicester, LE2 7BU"]
[Date "2023.07.27"]
[Round "8"]
[Board "24"]
[White "Thomas, James"]
[Black "Wills, Jack"]
[Result "0-1"]
[WhiteElo "1616"]
[BlackElo "1655"]
[PlyCount "0"]
[EventDate "2023.07.27"]
[EventRounds "9"]
[EventCountry "ENG"]

1. d4 d5 2. Bf4 Nf6 3. e3 Bf5 4. c4 c6 5. Qb3 Qb6 6. c5 Qxb3 7. axb3 e6 8. Nc3 Nbd7
9. b4 Be7 10. Nf3 O-O 11. b5 h6 12. bxc6 bxc6 13. Ba6 Nh5 14. Bb7 Nxf4 15. exf4 Rab8
16. Bxc6 Nf6 17. Rxa7 Bd8 18. O-O Rxb2 19. Bb5 Rb3 20. Rc1 Ne4 21. Bd7 Rxc3 22. Rxc3
Nxc3 23. c6 Nb5 24. Rb7 Nd6 25. Ra7 Bb6 26. Ra6 Bc7 27. Ra7 Nb5 28. Rb7 Rb8 29. Rxb8+
Bxb8 30. Ne5 Bxe5 31. fxe5 Kf8 32. f3 Ke7 33. g4 Bc2 34. Kf2 Ba4 35. Ke3 Na7 36.
h4 Bxc6 37. Bxc6 Nxc6 38. g5 hxg5 39. hxg5 f6 40. gxf6+ gxf6 41. f4 f5 42. Kd3 Kf7
43. Ke3 Kg6 44. Kd3 Kh5 45. Ke3 Kg4 46. Kd3 Kxf4 47. Ke2 Nxd4+  0-1

[Event "British Chess Championships 2023: Junior Blitz Open"]
[Site "The Venue, De Montfort University, 20 Western Boulevard, Leicester, LE2 7BU"]
[Date "2023.07.27"]
[Round "8"]
[Board "25"]
[White "Sewart, Daniel"]
[Black "Aleksandrov, Igor"]
[Result "0-1"]
[WhiteElo "1374"]
[BlackElo "1637"]
[PlyCount "0"]
[EventDate "2023.07.27"]
[EventRounds "9"]
[EventCountry "ENG"]

1. e4 c6 2. Nc3 d5 3. Qf3 d4 4. Bc4 e6 5. Nce2 c5 6. Ng3 Nc6 7. d3 a6 8. a4 Nf6 9.
N1e2 Ne5 10. Qf4 Bd6 11. Qg5 Nxc4 12. dxc4 O-O 13. e5 h6 14. Qf4 Bc7 15. c3 dxc3
16. Nxc3 Nd7 17. Qe3 Nxe5 18. Qxc5 Nd3+  0-1

[Event "British Chess Championships 2023: Junior Blitz Open"]
[Site "The Venue, De Montfort University, 20 Western Boulevard, Leicester, LE2 7BU"]
[Date "2023.07.27"]
[Round "8"]
[Board "26"]
[White "Wang, Yuan Ya"]
[Black "Kumar, Sachin"]
[Result "0-1"]
[WhiteElo "1130"]
[BlackElo "1608"]
[PlyCount "0"]
[EventDate "2023.07.27"]
[EventRounds "9"]
[EventCountry "ENG"]

1. e4 c5 2. f4 e6 3. Nf3 d5 4. Bb5+ Nc6 5. Bxc6+ bxc6 6. exd5 cxd5 7. d4 Ba6 8. Nc3
Nf6 9. dxc5 Bxc5 10. Nd4 O-O 11. Na4 Bb6 12. Nxb6 Qxb6 13. Ne2 Ne4 14. Rf1 Rfd8 15.
Rf3 Rac8 16. Rb1 d4 17. Rb3 Qc5 18. Bd2 d3 19. Bb4 Qf2#  0-1